NASCAR 2017 drivers - Statistics

General Stats
  • This quiz has been taken 111 times
  • The average score is 10 of 15
Answer Stats
Hint Answer % Correct
41 Kurt Busch
96%
18 Kyle Busch
95%
4 Kevin Harvick
86%
2 Brad Keselowski
82%
48 Jimmie Johnson
81%
20 Matt Kenseth
69%
3 Austin Dillon
67%
22 Joey Logano
66%
78 Martin Truex Jr.
65%
24 Chase Elliott
63%
10 Danica Patrick
59%
1 Jamie McMurray
59%
43 Aric Almirola
56%
13 Ty Dillon
53%
47 AJ Allmendinger
50%
No matching quizzes found
Score Distribution
Percent of People with Each Score
Percentile by Number Answered
Your Score History
You have not taken this quiz